[Event "Gausdal Classics"]
[Site "Gausdal NOR"]
[Date "2005.04.20"]
[Round "8"]
[White "Christian Kyndel Pedersen"]
[Black "Magnus Carlsen"]
[Result "1-0"]
[WhiteElo "2396"]
[BlackElo "2548"]

1. e4 e5 2. Nf3 Nc6 3. Bb5 a6 4. Ba4 Nf6 5. O-O Be7 6. Re1 b5 7. Bb3 d6 8. c3
O-O 9. h3 Bb7 10. d4 Re8 11. Ng5 Rf8 12. Nf3 h6 13. Nbd2 Re8 14. Bc2 Bf8 15.
a4 Qd7 16. Bd3 Na5 17. b3 exd4 18. cxd4 d5 19. e5 Ne4 20. Nxe4 dxe4 21. Bxe4
Bxe4 22. Rxe4 Qd5 23. Re3 c5 24. axb5 axb5 25. Ba3 b4 26. Bb2 c4 27. bxc4 Nxc4
28. Re2 Rxa1 29. Bxa1 Ra8 30. Nd2 Nxd2 31. Rxd2 b3 32. Bb2 Ra2 33. Qc1 Be7 34.
Qc3 Bg5 35. f4 Bd8 36. Qd3 Ba5 37. Rf2 Bb6 38. Kh2 h5 39. Qe3 h4 40. Rd2 Ba5
41. Rf2 Bb6 42. Kh1 Qc4 43. Kh2 g6 44. g3 Ra4 45. Rd2 Ba5 46. Rg2 hxg3+ 47.
Qxg3 Qe6 48. Qd3 Qc4 49. Qf3 Ra2 50. f5 Rxb2 51. Rxb2 Qxd4 52. Rxb3 Qxe5+ 53.
Kg2 Kg7 54. fxg6 Qg5+ 55. Qg3 Qd2+ 56. Qf2 fxg6 57. Qxd2 Bxd2 58. Rd3 Bg5 59.
Kf3 Bf6 60. Ke4 Kf7 61. Kd5 Bb2 62. Rb3 Ba1 63. Ra3 Bb2 64. Ra2 Bc3 65. Rf2+
Kg7 66. Ke6 Bd4 67. Rf7+ Kg8 68. Rd7 Bc3 69. Rc7 Bb2 70. Rb7 Bc3 71. Ke7 Kg7
72. Ke8+ Kg8 73. Ke7 Kg7 74. Ke6+ Kg8 75. Rb3 Bd4 76. Rg3 Kg7 77. Rg4 Bc3 78.
h4 Kh6 79. Kf7 Kh5 80. Rxg6 Kxh4 81. Ke6 Be1 82. Kf5 Kh3 83. Kf4 Bd2+ 84. Kf3
Kh4 85. Rd6 Bc1 86. Rg6 Bd2 87. Rg1 Kh5 88. Ke4 Kh4 89. Rg8 Bc1 90. Rc8 Bd2
91. Rc2 Bb4 92. Rc4 Be7 93. Kf4 Kh5 94. Kf5 Bd8 95. Rc8 {#r} 1-0

[Event "Zurich Weihnachtsopen"]
[Site "Zurich SUI"]
[Date "2005.12.28"]
[Round "4"]
[White "Vitali Golod"]
[Black "Maarten Solleveld"]
[Result "1/2-1/2"]
[WhiteElo "2578"]
[BlackElo "2463"]

1. d4 Nf6 2. c4 e6 3. Nc3 Bb4 4. Qc2 c5 5. dxc5 O-O 6. a3 Bxc5 7. Nf3 b6 8.
Bg5 h6 9. Bh4 Bb7 10. Rd1 Be7 11. e3 Nc6 12. Be2 Rc8 13. O-O Na5 14. Ne5 d6
15. b4 Qe8 16. bxa5 dxe5 17. axb6 axb6 18. Qb1 g5 19. Bg3 Qc6 20. Bf3 e4 21.
Be2 Bxa3 22. Nb5 Be7 23. Na7 Qc5 24. Nxc8 Rxc8 25. Qb2 Qc6 26. Bd6 Bxd6 27.
Qxf6 Bf8 28. Rd8 Rxd8 29. Qxd8 Ba6 30. h4 gxh4 31. Ra1 Bxc4 32. Bxc4 Qxc4 33.
Ra8 Qb4 34. Qf6 b5 35. Rd8 Qc5 36. Qxh4 Qg5 37. Qxg5+ hxg5 38. g4 b4 39. Rd4
Bc5 40. Rxe4 b3 41. Ra4 b2 42. Ra8+ Kg7 43. Rb8 Ba3 44. Rb7 Kf6 45. Kf1 Ke5
46. Ke2 f5 47. Rb5+ Kd6 48. gxf5 exf5 49. Kd3 Kc6 50. Rb8 g4 51. Kc2 Kd5 52.
Rb3 Bc5 53. Rxb2 Ke4 54. Kd1 g3 55. fxg3 Kf3 56. Rb5 Bxe3 57. Rxf5+ Kxg3 58.
Ke2 Bb6 59. Kd3 Ba7 60. Ke4 Bb6 61. Rf6 Bc5 62. Rg6+ Kf2 63. Rg7 Bb6 64. Rb7
Bc5 65. Rb3 Bd6 66. Rf3+ Kg2 67. Rf7 Bc5 68. Rf5 Bb6 69. Rb5 {#d} 1/2-1/2

[Event "7th European Individual Championship: Women"]
[Site "Kusadasi TUR"]
[Date "2006.04.05"]
[Round "2"]
[White "Elina Danielian"]
[Black "Maria Kursova"]
[Result "1/2-1/2"]
[WhiteElo "2423"]
[BlackElo "2319"]

1. Nf3 Nf6 2. g3 d5 3. Bg2 c6 4. O-O Bg4 5. d4 Nbd7 6. Nbd2 e6 7. Re1 Be7 8.
c3 O-O 9. e4 Bh5 10. e5 Ne8 11. Nf1 Nc7 12. h3 c5 13. g4 Bg6 14. Ng3 Rc8 15.
Be3 cxd4 16. cxd4 Nb6 17. Qb3 Na6 18. a3 Nb8 19. Rac1 Nc6 20. Bd2 Qd7 21. h4
h6 22. Bf1 f6 23. Bb5 Nc4 24. Rxc4 dxc4 25. Bxc4 Bf7 26. Bc3 fxe5 27. dxe5 Bc5
28. g5 Nd8 29. gxh6 Bg6 30. Be2 Qc6 31. Bd4 Bxd4 32. Nxd4 Qc5 33. Qe3 Rc7 34.
h5 Bh7 35. Bg4 Qb6 36. hxg7 Rxg7 37. Bh3 Kh8 38. Re2 Re8 39. Kh2 Qc7 40. Nb5
Qe7 41. Nd6 Reg8 42. Qh6 Rf8 43. Nde4 Nc6 44. Qxe6 Qxe6 45. Bxe6 Nd4 46. Bc4
Nxe2 47. Bxe2 Bxe4 48. Nxe4 Re7 49. Kg3 Rxe5 50. Bf3 Rb5 51. b4 a5 52. Nc3
Rg5+ 53. Bg4 Rfg8 54. f3 Rxh5 55. Kf4 Rf8+ 56. Ke4 Rg5 57. Kd3 axb4 58. axb4
Rg7 59. Ne4 Rc7 60. Nc5 Rd8+ 61. Ke3 Rd1 62. Bf5 Re7+ 63. Be4 b5 64. Nd3 Rb1
65. Nf4 Rb3+ 66. Kd4 Rc7 67. Nd5 Rc4+ 68. Ke5 Rbxb4 69. Nxb4 Rxb4 70. Bd5 Kg7
71. Kd6 Kf6 72. Kc5 Rb2 73. Bc6 b4 74. Ba4 Ke5 75. Kc4 Kf4 76. Bb3 Kxf3 77.
Kxb4 Ke3 78. Kc3 Rd2 79. Bc4 Rd8 80. Be6 Rd6 81. Bf7 Rc6+ 82. Kb4 Kd4 83. Kb3
Rc3+ 84. Kb2 Rc6 85. Kb3 Rc3+ 86. Kb2 Kd3 87. Bg6+ Kd2 88. Bf7 Rc7 89. Bd5 Rc5
90. Bf7 Rb5+ 91. Ka1 Kc2 92. Bg6+ Kc3 93. Bf7 Rf5 94. Be6 Rf1+ 95. Ka2 Rf2+
96. Ka1 Kc2 97. Ka2 Rf3 98. Bd5 Re3 99. Bf7 Re7 100. Bb3+ Kc3 101. Bg8 Re2+
102. Ka1 Kb4 103. Bh7 Ka3 104. Kb1 Rb2+ 105. Kc1 Kb3 106. Kd1 Kc3 107. Ke1 Rg2
108. Bf5 Kd4 109. Kd1 Rg5 {#d} 1/2-1/2

[Event "37th Chess Olympiad: Women"]
[Site "Turin ITA"]
[Date "2006.05.23"]
[Round "3"]
[White "Teresa Debowska"]
[Black "Irina Ostry"]
[Result "0-1"]
[WhiteElo "2041"]
[BlackElo "2182"]

1. e4 c5 2. Nc3 e6 3. g3 Nc6 4. Bg2 Nf6 5. d3 Be7 6. f4 d5 7. e5 Nd7 8. Nf3
O-O 9. O-O a6 10. Ne2 f6 11. exf6 Nxf6 12. d4 Qb6 13. Kh1 Ne4 14. c3 cxd4 15.
Nexd4 Bf6 16. Qb3 Qxb3 17. Nxb3 b5 18. a3 a5 19. Be3 b4 20. axb4 Ba6 21. Rfe1
axb4 22. Nbd4 Nxd4 23. Nxd4 bxc3 24. bxc3 Bc4 25. Bg1 Rxa1 26. Rxa1 Nxc3 27.
Nxe6 Re8 28. f5 g6 29. g4 gxf5 30. gxf5 Ne2 31. Rd1 d4 32. h3 Ng3+ 33. Kh2
Nxf5 34. Nxd4 Be5+ 35. Kh1 Ng3+ 36. Kh2 Ne2+ 37. Kh1 Nxd4 38. Rxd4 Bxd4 39.
Bxd4 Rd8 40. Be5 Rd1+ 41. Kh2 Bd5 42. Bxd5+ Rxd5 43. Bf4 Rd3 44. h4 Kf7 45. h5
Kf6 46. Kg2 Kf5 47. Bc1 Rc3 48. Bh6 Kg4 49. Kf2 Kxh5 50. Bg7 Rb3 51. Be5 Kg4
52. Bd6 h5 53. Be5 h4 54. Kg2 Rb5 55. Bd6 Rb2+ 56. Kh1 Kh3 57. Kg1 Rg2+ 58.
Kf1 Rg6 59. Bc7 Rc6 60. Bb8 Kg4 61. Kg2 Rc2+ 62. Kg1 Kf3 63. Bd6 h3 64. Be5
Re2 65. Bc7 Ra2 66. Be5 h2+ 67. Kh1 Kg4 68. Bxh2 Kh3 69. Be5 Re2 70. Bc3 Kg3
71. Kg1 Rc2 72. Be1+ Kf3 73. Bh4 Rg2+ 74. Kh1 Rg6 75. Be1 Re6 76. Bc3 Kf2 77.
Bd4+ Kg3 78. Bc3 Re4 79. Ba5 Re7 80. Bb4 Re6 81. Ba5 Kf2 82. Bd2 Kf1 83. Kh2
Re2+ {#R} 0-1

[Event "Midnight Sun Chess Challenge"]
[Site "Tromso NOR"]
[Date "2006.06.29"]
[Round "6"]
[White "Ralf Akesson"]
[Black "Kjetil A Lie"]
[Result "1/2-1/2"]
[WhiteElo "2472"]
[BlackElo "2493"]

1. Nf3 Nf6 2. c4 c5 3. Nc3 b6 4. g3 Bb7 5. Bg2 e6 6. O-O Be7 7. b3 d6 8. Bb2
a6 9. e3 Nbd7 10. d4 O-O 11. Qe2 Rc8 12. Rad1 Rc7 13. Ne1 Qa8 14. d5 Re8 15.
dxe6 fxe6 16. e4 b5 17. cxb5 axb5 18. Nxb5 Qa6 19. Qc4 Rc6 20. Qxe6+ Kh8 21.
a4 Bf8 22. Qc4 Rcc8 23. Nxd6 Bxd6 24. Qxa6 Bxa6 25. Rxd6 Bxf1 26. Kxf1 Rb8 27.
Nd3 Rxb3 28. e5 c4 29. exf6 Nxf6 30. Bc6 Rc8 31. Bxf6 gxf6 32. Bd7 Rd8 33. Nc5
Rb1+ 34. Kg2 c3 35. Bf5 Rxd6 36. Bxb1 Rd1 37. Be4 f5 38. Bc2 Rd2 39. Bxf5 Rd5
40. Bc2 Rxc5 41. Kf3 Rd5 42. Ke3 Rd2 43. Be4 Ra2 44. Kd3 Rxa4 45. f3 Ra2 46.
Kxc3 Rxh2 47. Kd4 h5 48. Ke5 Kg7 49. Kf5 Kh6 50. Kf4 Rg2 51. Bc6 Rc2 52. Be4
Rc4 53. Kf5 Rc8 54. Kf4 Rf8+ 55. Ke3 Rb8 56. Kf4 Rb5 57. Bf5 Ra5 58. Be4 Kg7
59. g4 h4 60. g5 Ra2 61. Kg4 Rh2 62. f4 h3 63. Kg3 Re2 64. Bc6 Re3+ 65. Kh2
Kg6 66. Bd7 Rf3 67. Bxh3 Rxf4 68. Kg3 Kxg5 69. Bg2 Rf8 70. Be4 Rb8 71. Kf3
Rb3+ 72. Ke2 Kf4 73. Bc2 Rh3 74. Kd2 Ke5 75. Kc1 Kd4 76. Kb2 Kc4 77. Bd1 Rh2+
78. Bc2 Kb4 79. Kb1 Kc3 80. Be4 Rh4 81. Bf5 Rb4+ 82. Ka1 Ra4+ 83. Kb1 Rb4+ 84.
Ka1 Kb3 85. Be6+ Ka3 86. Bf5 Rf4 87. Bc2 Rf2 88. Bb1 Kb3 89. Be4 {#d} 1/2-1/2

[Event "Norwegian Championship"]
[Site "Moss NOR"]
[Date "2006.07.09"]
[Round "2"]
[White "Berge Ostenstad"]
[Black "Kjetil A Lie"]
[Result "1/2-1/2"]
[WhiteElo "2480"]
[BlackElo "2536"]

1. g3 c5 2. Bg2 g6 3. e4 Bg7 4. d3 Nc6 5. f4 d6 6. Nf3 e5 7. Nc3 Nge7 8. O-O
a6 9. Be3 exf4 10. gxf4 O-O 11. Qd2 f5 12. Rae1 Qb6 13. Rb1 Qa5 14. a3 Bd7 15.
b4 cxb4 16. axb4 Qc7 17. Nd5 Nxd5 18. exd5 Ne7 19. c4 Rfe8 20. Rfc1 h6 21. Bf2
Kh7 22. Nd4 Ng8 23. c5 Nf6 24. c6 bxc6 25. dxc6 Be6 26. b5 axb5 27. Nxe6 Rxe6
28. Rxb5 d5 29. Rb7 Qc8 30. Qc3 Qf8 31. Bc5 Qd8 32. Bd4 Rc8 33. Be5 Kh8 34. c7
Qf8 35. Rb8 Ree8 36. Rxc8 Rxc8 37. Qd4 Qe7 38. Rc6 Ne8 39. Rxg6 Kh7 40. Rg3
Rxc7 41. Bxd5 Rd7 42. Bxg7 Nxg7 43. Kf1 Rd8 44. Qc4 Qd6 45. Bf7 Rd7 46. Bg6+
Kh8 47. Qc8+ Rd8 48. Qc4 Rf8 49. Bf7 Qf6 50. Bd5 Rb8 51. Kg2 Nh5 52. Qc7 Rd8
53. Bc4 Nxg3 54. hxg3 Rf8 55. Qd7 Qg7 56. Qe6 Rf6 57. Qe8+ Kh7 58. Qe5 h5 59.
Kf2 Rf8 60. Qd5 Rf6 61. Qe5 Kh6 62. Kf3 Rg6 63. Qxg7+ Kxg7 64. d4 Rc6 65. Bb5
Rd6 66. Ke3 Re6+ 67. Kf2 Kg6 68. d5 Rd6 69. Be8+ Kh6 70. Bf7 Rf6 71. Be6 Kg7
72. Kg2 Rf8 73. Kf3 Kf6 74. Kf2 Rb8 75. Kf3 Rb3+ 76. Kf2 Rd3 77. Kg2 Rd2+ 78.
Kf3 Rh2 79. Bc8 Rc2 80. Be6 Rc3+ 81. Kf2 Ra3 82. Kg2 Ra8 83. Kf3 Rf8 84. Kg2
Rh8 85. Kf3 Rh7 86. Bc8 Rh8 87. Be6 h4 88. gxh4 Rxh4 89. Bc8 Rh3+ 90. Ke2 Rh8
91. Be6 Rf8 92. Ke3 Rh8 93. Ke2 Rh5 94. Ke3 Ke7 95. Kd4 Kd6 96. Bc8 Rh4 97.
Bxf5 Rxf4+ 98. Be4 Rh4 99. Kd3 Ke5 100. Bg6 Kxd5 101. Kc2 Rg4 102. Bf7+ Kd4
103. Kb2 Rg2+ 104. Ka1 Kc3 105. Ba2 Rg1+ 106. Bb1 Rf1 107. Ka2 Re1 108. Ka1
Kb3 {#d} 1/2-1/2

[Event "Norwegian Championship"]
[Site "Moss NOR"]
[Date "2006.07.14"]
[Round "8"]
[White "Leif Erlend Johannessen"]
[Black "Torstein Bae"]
[Result "1/2-1/2"]
[WhiteElo "2555"]
[BlackElo "2284"]

1. d4 d5 2. c4 Nc6 3. Nf3 Bg4 4. cxd5 Bxf3 5. gxf3 Qxd5 6. e3 e6 7. Nc3 Qh5 8.
Bd2 Nge7 9. Rc1 Nf5 10. f4 Qxd1+ 11. Kxd1 O-O-O 12. Bg2 Nb4 13. Nb5 c6 14.
Bxb4 Bxb4 15. Bxc6 bxc6 16. Nxa7+ Kb7 17. Nxc6 Bd6 18. Nxd8+ Rxd8 19. Rc3 Ra8
20. a3 Ra5 21. Rb3+ Kc6 22. Kd2 Ra7 23. Rc1+ Kd7 24. Kd3 Ne7 25. Rg1 g6 26.
Rg3 Nd5 27. Rh3 h5 28. Rg3 Be7 29. Rf3 Bd6 30. Kd2 Nf6 31. Kd3 Nd5 32. Rg3 Be7
33. Rg1 Bh4 34. Rf1 Rc7 35. Kd2 Nf6 36. f3 Nd5 37. Rc1 Ra7 38. Ke2 Be7 39. Rc2
Bd6 40. Rc1 Be7 41. Kd2 Bd6 42. Rc4 Ne7 43. Rd3 Nd5 44. b4 g5 45. fxg5 Bxh2
46. f4 h4 47. Rc1 Bg3 48. Ke2 Bxf4 49. Rf1 Bxg5 50. Rxf7+ Be7 51. Rh7 Rb7 52.
Rb3 Rb8 53. e4 Nb6 54. Rf3 Ra8 55. Rff7 Nc8 56. Rh8 Ra7 57. e5 Rc7 58. Kd2 Nb6
59. Rxh4 Ke8 60. Rfh7 Nc4+ 61. Kd3 Nxa3 62. R4h6 Kd7 63. d5 exd5 64. Ra6 Nc2
65. Rb6 Nxb4+ 66. Rxb4 Ke6 67. Rb6+ Kxe5 68. Rh5+ Kf4 69. Rxd5 Ra7 70. Rd4+
Kf5 71. Rb5+ Ke6 72. Re4+ Kd7 73. Rd4+ Ke6 74. Ke4 Ra1 75. Rb6+ Kf7 76. Rd3
Re1+ 77. Kd5 Rf1 78. Re3 Bf6 79. Rb7+ Kg6 80. Ke6 Bg5 81. Re2 Rf6+ 82. Kd5 Rf1
83. Rb8 Rf7 84. Rg8+ Rg7 85. Rxg7+ Kxg7 86. Ke6 Kg6 87. Rg2 Kh6 88. Kf5 Bd8
89. Rg8 Ba5 90. Rc8 Kg7 91. Ra8 Be1 92. Ra7+ Kf8 93. Ke6 Bc3 94. Rc7 Bb2 95.
Rf7+ Kg8 96. Rb7 Bc3 97. Ke7 Kg7 98. Rb6 Bd4 99. Rc6 Bb2 100. Ra6 Bc3 101. Ra4
Kg6 102. Ke6 Kg5 {#d} 1/2-1/2

[Event "Amsterdam Chess Tournament"]
[Site "Amsterdam NED"]
[Date "2006.07.22"]
[Round "8"]
[White "Chris de Saegher"]
[Black "Chiel van Oosterom"]
[Result "1/2-1/2"]
[WhiteElo "2203"]
[BlackElo "2343"]

1. d4 f5 2. g3 Nf6 3. Bg2 g6 4. Nf3 Bg7 5. O-O O-O 6. c4 d6 7. Nc3 Qe8 8. d5
Na6 9. Rb1 c5 10. dxc6 bxc6 11. b4 Bd7 12. a3 Nc7 13. Bb2 Rd8 14. Qa4 a6 15.
Qa5 Ne6 16. Qxa6 Ra8 17. Qb6 f4 18. c5 Qf7 19. cxd6 Rfb8 20. Ne5 Rxb6 21. Nxf7
Kxf7 22. Rfd1 exd6 23. Rxd6 Ra7 24. Rbd1 Bf8 25. R6d2 Be8 26. Ne4 Nxe4 27.
Bxe4 Bg7 28. Bxg7 Kxg7 29. Rd3 fxg3 30. hxg3 Nc7 31. Rd8 Rba6 32. Rc8 Rxa3 33.
b5 Rb3 34. bxc6 Kf6 35. Rd7 Bxd7 36. cxd7 Ne6 37. d8=Q+ Nxd8 38. Rxd8 Rb2 39.
Bd3 Rd2 40. f4 Re7 41. Rd6+ Kg7 42. Kf1 Re3 43. g4 Rexe2 44. Rxg6+ hxg6 45.
Bxe2 Rd4 46. f5 gxf5 47. gxf5 Kf6 48. Kf2 Kxf5 49. Ke3 Ke5 50. Bd3 Ra4 51. Bg6
Rg4 52. Bh7 Rh4 53. Bg6 Rh3+ 54. Kd2 Kd4 55. Kc2 Rh6 56. Bf5 Rb6 57. Bh7 Rb4
58. Bg8 Rb7 59. Be6 Re7 60. Bf5 Re5 61. Bg6 Rg5 62. Bh7 Kc4 63. Kb2 Rg2+ 64.
Ka1 Kb3 65. Bb1 Rh2 66. Bg6 Ra2+ 67. Kb1 Rf2 68. Ka1 Ra2+ 69. Kb1 Rg2 70. Bf7+
Ka3 71. Be6 Rb2+ 72. Kc1 Rb6 73. Bf7 Kb4 74. Kb2 Rf6 75. Bb3 Rf2+ 76. Bc2 Rd2
77. Kb1 Ka3 78. Bf5 Rf2 79. Be6 Rf6 80. Bd5 Rb6+ 81. Kc2 Rb2+ 82. Kc1 Rb5 83.
Be6 Kb4 84. Kc2 Re5 85. Bf7 Re2+ 86. Kd3 Re7 87. Bg8 Ka3 88. Kc2 Rc7+ 89. Kd3
Kb2 90. Be6 Rc3+ 91. Kd4 Kc2 92. Bf5+ Kd2 93. Be4 Rh3 94. Ke5 Ke3 95. Bf5 Rh5
96. Kf6 Kf4 97. Bg6 Rh6 98. Kg7 Kg5 99. Bd3 {#d} 1/2-1/2

[Event "European Club Cup"]
[Site "Feugen AUT"]
[Date "2006.10.12"]
[Round "5"]
[White "Andrew Greet"]
[Black "Milan Novkovic"]
[Result "1/2-1/2"]
[WhiteElo "2439"]
[BlackElo "2417"]

1. e4 c5 2. Nf3 e6 3. b3 Nc6 4. Bb2 d6 5. d4 cxd4 6. Nxd4 a6 7. Nxc6 bxc6 8.
Bd3 d5 9. O-O Nf6 10. Nd2 Be7 11. f4 h5 12. Qe1 Qb6+ 13. Kh1 h4 14. h3 Nh5 15.
Rf3 Kf8 16. c4 d4 17. c5 Bxc5 18. Qxh4 Be7 19. Qf2 c5 20. e5 g6 21. Be4 Bb7
22. g4 Ng7 23. Kg2 Bd5 24. Rd3 Rd8 25. Qf3 Rg8 26. Kh2 Ne8 27. Rc1 Nc7 28. Nc4
Bxc4 29. Rxc4 Nd5 30. Ba3 Nc3 31. Rdxc3 dxc3 32. Qxc3 Kg7 33. f5 gxf5 34. gxf5
exf5 35. Bxf5 Qh6 36. Bc1 Qh5 37. e6+ Kf8 38. Bg4 Bd6+ 39. Bf4 Qg5 40. Qg3
Bxf4 41. Qxf4 Rd2+ 42. Kg3 Qxf4+ 43. Rxf4 Rg7 44. Ra4 Rd6 45. exf7 Kxf7 46.
Kf4 Kf6 47. Be2 Rh7 48. Rxa6 Rxa6 49. Bxa6 Ra7 50. Bc4 Rxa2 51. h4 Rd2 52. Ke3
Rd4 53. h5 Rh4 54. Be2 Ke5 55. Kd3 Rf4 56. Kc3 Kd5 57. Bc4+ Kc6 58. Bd3 Rh4
59. Bg6 Kb5 60. Be8+ Kb6 61. Bg6 Kc7 62. Bf7 Kd6 63. Bg6 Rh1 64. Bf7 Kc7 65.
b4 Rc1+ 66. Kb2 Rf1 67. Bc4 Rh1 68. bxc5 Rxh5 69. c6 Kxc6 70. Ba2 Kc5 71. Bf7
Rh3 72. Bg6 Kb4 73. Bf5 Rh2+ 74. Ka1 Ka3 75. Bb1 Rh8 76. Bc2 Rh5 77. Bg6 Rg5
78. Bc2 Kb4 79. Kb2 Rg2 80. Kb1 Ka3 81. Be4 Rf2 82. Ka1 Ra2+ 83. Kb1 Re2 84.
Bd3 Re1+ 85. Kc2 Ka2 86. Bc4+ Ka1 87. Kd2 Re7 88. Kc2 Rc7 89. Kc3 Kb1 90. Kb3
Rd7 91. Kc3 Kc1 92. Bd3 Rg7 93. Kd4 Kd2 94. Bb1 Rg4+ 95. Ke5 Ke3 96. Bf5 Ra4
97. Bc2 Ra5+ 98. Kf6 Kf4 99. Bb3 Ra6+ 100. Kg7 Kg5 101. Bc4 Rg6+ 102. Kh7 Rc6
103. Ba2 Rc7+ 104. Kh8 Kh6 105. Bb3 {#d} 1/2-1/2

[Event "Paris-ch"]
[Site "Paris"]
[Date "2006.07.12"]
[Round "2"]
[White "Stephane Launiau"]
[Black "Thierry Baron"]
[Result "1/2-1/2"]
[WhiteElo "2072"]
[BlackElo "2219"]

1. e4 e5 2. a3 Nf6 3. Nc3 Nc6 4. Nf3 d5 5. exd5 Nxd5 6. Bb5 Nxc3 7. Bxc6+ bxc6
8. bxc3 Bd6 9. d4 exd4 10. Qe2+ Qe7 11. Qxe7+ Kxe7 12. cxd4 Bf5 13. Kd2 f6 14.
Kc3 c5 15. dxc5 Bxc5 16. Be3 Bd6 17. Rhe1 Kf7 18. Nd4 Be4 19. Bf4 Bxg2 20.
Bxd6 cxd6 21. Re6 Rhd8 22. Rae1 Rd7 23. Nf5 Rad8 24. Re7+ Kf8 25. Rxd7 Rxd7
26. Kd4 g6 27. Ne3 Bc6 28. Nd5 Kf7 29. Re3 Rb7 30. Nb4 Ba4 31. Kd5 Rb6 32. Rc3
a5 33. Rc7+ Ke8 34. Nd3 Bd7 35. Ra7 a4 36. Nb4 Ke7 37. c4 h5 38. f4 g5 39. Kd4
Kd8 40. fxg5 fxg5 41. Ra5 g4 42. Rxh5 Be6 43. Rh8+ Ke7 44. Ra8 Kf6 45. Rxa4
Rb7 46. Ra6 Rh7 47. Rxd6 Rxh2 48. Nd5+ Kf7 49. Rb6 g3 50. Rb7+ Kf8 51. Nf4 Bf7
52. Rb3 Rc2 53. Nd5 g2 54. Rg3 Ra2 55. Kc5 Ke8 56. a4 Rxa4 57. Rxg2 Ra5+ 58.
Kd6 Ra6+ 59. Kc7 Ra4 60. Nb6 Rxc4+ 61. Nxc4 Bxc4 62. Rg4 Be6 63. Rg7 Kf8 64.
Rh7 Kg8 65. Re7 Ba2 66. Kd6 Kh8 67. Ke5 Bg8 68. Kf6 Bh7 {#d} 1/2-1/2

[Event "14th Open Belisce Metalis"]
[Site "Bizovac CRO"]
[Date "2007.02.23"]
[Round "4"]
[White "Sinisa Drazic"]
[Black "Drago Vargic"]
[Result "1/2-1/2"]
[WhiteElo "2483"]
[BlackElo "2360"]

1. e4 e6 2. d3 d5 3. Nd2 Nf6 4. Ngf3 Nc6 5. c3 dxe4 6. dxe4 e5 7. b4 a6 8. Qc2
Bd6 9. Be2 O-O 10. O-O Qe7 11. h3 Nd8 12. Nc4 b5 13. Nxd6 cxd6 14. a4 bxa4 15.
Rxa4 Bb7 16. Bg5 Ne6 17. Rfa1 Nxg5 18. Nxg5 h6 19. Nf3 Bxe4 20. Qc1 Nd5 21. b5
Rac8 22. Rxe4 Nxc3 23. Qc2 Nxe4 24. Qxe4 axb5 25. Bxb5 Rc5 26. Bc4 Qc7 27. Bd5
Rc1+ 28. Rxc1 Qxc1+ 29. Kh2 Qf4+ 30. Qxf4 exf4 31. g3 fxg3+ 32. Kxg3 g6 33.
Nd2 Kg7 34. Nc4 f5 35. Kf4 Kf6 36. Ke3 Re8+ 37. Kd3 g5 38. Bf3 h5 39. Bxh5 Rh8
40. Bf3 Rxh3 41. Ke2 g4 42. Bg2 Rh2 43. Kf1 Ke6 44. Bb7 Rh8 45. Nb6 Kf6 46. f3
Kg5 47. Nc4 gxf3 48. Nxd6 Kf4 49. Nxf5 Rh1+ 50. Kf2 Rh2+ 51. Kf1 Rb2 52. Bc8
Rc2 53. Bb7 Kxf5 54. Bxf3 Kf4 55. Bb7 Ke3 56. Kg1 Rc1+ 57. Kg2 Rc7 58. Bd5
Rg7+ 59. Kf1 Rg5 60. Bb7 Rf5+ 61. Kg2 Rf2+ 62. Kg1 Rb2 63. Bc6 Ke2 64. Kg2 Rb6
65. Bf3+ Ke3 66. Bd5 Rd6 67. Bb7 Rb6 68. Bd5 Kd4 69. Bf3 Rb2+ 70. Kf1 Ke3 71.
Bc6 Rf2+ 72. Kg1 Ke2 73. Bd5 Ke1 74. Bc6 Rf6 75. Bd5 Rg6+ 76. Kh2 Kf2 77. Kh3
Ke3 78. Bb7 Kf4 79. Kh2 Rb6 80. Bd5 {#d} 1/2-1/2

[Event "European Individual Championships (Women)"]
[Site "Dresden GER"]
[Date "2007.04.07"]
[Round "5"]
[White "Svetlana Petrenko"]
[Black "Lilit Mkrtchian"]
[Result "1/2-1/2"]
[WhiteElo "2319"]
[BlackElo "2458"]

1. e4 e5 2. Nf3 Nc6 3. Bc4 Bc5 4. c3 Nf6 5. d3 d6 6. Nbd2 a6 7. Bb3 Ba7 8. Nf1
h6 9. Be3 O-O 10. Ng3 Be6 11. O-O d5 12. Bxa7 Rxa7 13. Re1 Re8 14. h3 Ra8 15.
Bc2 Qd7 16. d4 Nxe4 17. Nxe4 dxe4 18. Nxe5 Nxe5 19. dxe5 Qb5 20. Ba4 Qxe5 21.
Bxe8 Rxe8 22. Qa4 Bd5 23. Rad1 Bc6 24. Qd4 Qe6 25. b3 Qg6 26. Qe3 Re5 27. Kh2
Rg5 28. Rg1 Qf6 29. g4 Re5 30. Rg3 g5 31. c4 Kh7 32. Kg1 Re6 33. Rd2 Qe7 34.
Qd4 Rf6 35. Qe3 Re6 36. b4 Re5 37. Qb3 Qf6 38. Qe3 Qe6 39. Qc3 Qf6 40. Re3 Qe7
41. f3 h5 42. fxe4 hxg4 43. hxg4 Qe6 44. Kh2 Rxe4 45. Rxe4 Bxe4 46. Kg3 f5 47.
gxf5 Bxf5 48. Rd8 Kg6 49. Kg2 g4 50. Kg3 Kf7 51. Qd4 Qe1+ 52. Kf4 Be6 53. Kg5
Qc1+ 54. Qf4+ Qxf4+ 55. Kxf4 Bxc4 56. Rd7+ Ke6 57. Rxc7 Bxa2 58. Rxb7 Kd5 59.
Rc7 Kd6 60. Ra7 Bc4 61. Rg7 Be6 62. Rg5 Bc8 63. Ke3 Kc6 64. Rc5+ Kb7 65. Kd4
Bd7 66. Rg5 Kb6 67. Kc3 Bc8 68. Rg6+ Kb5 69. Rg5+ Kb6 70. Rg8 Bd7 71. Rg6+ Kb5
72. Kb3 Bc8 73. Rg5+ Kb6 74. Kc4 Be6+ 75. Kd4 Bd7 76. Ke3 Bc6 77. Rxg4 a5 78.
bxa5+ Kxa5 79. Kd4 Kb4 80. Rg3 Be8 81. Rg8 Bf7 82. Rb8+ Ka3 83. Rb7 Be6 84.
Kc3 Ka2 85. Rb2+ Ka1 86. Kc2 Bf5+ 87. Kc1 Be6 88. Rb6 Bd5 89. Ra6+ Ba2 90. Rb6
Bd5 91. Rb5 Bf7 92. Rb2 Be6 93. Rb6 {#d} 1/2-1/2

[Event "European Individual Championships (Women)"]
[Site "Dresden GER"]
[Date "2007.04.13"]
[Round "10"]
[White "Sonya Pertlova"]
[Black "Kristina Apanaviciute"]
[Result "1/2-1/2"]
[WhiteElo "2171"]
[BlackElo "2008"]

1. d4 Nf6 2. c4 e6 3. g3 Bb4+ 4. Bd2 Qe7 5. Bg2 O-O 6. Qb3 Bxd2+ 7. Nxd2 c6 8.
Ngf3 d5 9. O-O Nbd7 10. Rfe1 e5 11. cxd5 cxd5 12. e4 dxe4 13. Nxe4 exd4 14.
Nxd4 Nxe4 15. Bxe4 Qf6 16. Qc3 Nb6 17. Nb5 Qxc3 18. bxc3 Na4 19. Nd6 Nxc3 20.
Nxc8 Raxc8 21. Bxb7 Rc7 22. Bf3 g6 23. Kg2 h5 24. a4 Rfc8 25. a5 a6 26. Rac1
Kg7 27. Re3 Nd5 28. Bxd5 Rxc1 29. Bb7 R8c7 30. Bxa6 Ra7 31. Be2 Rxa5 32. h4
Ra2 33. Bd3 Rd1 34. Bc4 Ra7 35. Bb3 Rb1 36. Bc4 Rc7 37. Bd5 Rb2 38. Rf3 Re7
39. Bc4 f5 40. Rf4 Re4 41. Bd5 Ree2 42. Bc6 Kf6 43. Kg1 Ke7 44. Bd5 Re5 45.
Bc4 Rc5 46. Kg2 Rc8 47. Bd5 Rc5 48. Bg8 Kf6 49. Kg1 Rb8 50. Rc4 Rxc4 51. Bxc4
Rb4 52. Bd3 f4 53. Kg2 g5 54. hxg5+ Kxg5 55. Be2 fxg3 56. fxg3 Rb2 57. Kf3
Rb3+ 58. Kf2 Ra3 59. Bf3 Ra5 60. Ke3 Re5+ 61. Kf2 Kf6 62. Kg2 Kg6 63. Kf2 Rg5
64. Be4+ Kf6 65. Kf3 Ke5 66. Bc6 Rg8 67. Bb7 Kd4 68. Bc6 Rf8+ 69. Kg2 Ke3 70.
Kh3 Rc8 71. Bd5 Rf8 72. Kh4 Kf2 73. Be4 Rg8 74. Kxh5 Rxg3 75. Kh6 Ke3 76. Bb1
Kf4 77. Kh7 Ke5 78. Kh8 Kf6 79. Bc2 Kf7 80. Bb1 Rg8+ 81. Kh7 Rg1 82. Ba2+ Kf6
83. Bd5 Rg5 84. Bc4 Rh5+ 85. Kg8 Rc5 86. Ba2 Rg5+ 87. Kh8 Rg7 88. Bb3 Kg6 89.
Bc2+ Kh6 90. Bd3 Rd7 91. Bc4 Kg6 92. Bb3 Rh7+ 93. Kg8 Rc7 94. Kh8 Rc8+ 95. Bg8
Kf6 96. Kh7 Rc3 97. Kh8 Rh3+ 98. Bh7 {#d} 1/2-1/2

[Event "Baden Challenge III"]
[Site "Neuhausen GER"]
[Date "2007.06.09"]
[Round "8"]
[White "Robert Ris"]
[Black "Martin Kraemer"]
[Result "1/2-1/2"]
[WhiteElo "2411"]
[BlackElo "2424"]

1. d4 Nf6 2. Nf3 e6 3. c4 b6 4. g3 Bb7 5. Bg2 Be7 6. O-O O-O 7. d5 exd5 8. Nh4
c6 9. cxd5 Nxd5 10. Nf5 Nc7 11. e4 d5 12. Nc3 Bf6 13. exd5 cxd5 14. Bf4 Nba6
15. Nd6 Bc6 16. Nxd5 Bxd5 17. Bxd5 Nxd5 18. Qxd5 Nc7 19. Qc4 Ne6 20. Rad1 Nxf4
21. Nxf7 Qe7 22. Ng5+ Kh8 23. Rfe1 Qc5 24. Nf7+ Rxf7 25. Qxf7 Ng6 26. Re8+
Rxe8 27. Qxe8+ Qf8 28. Qxf8+ Nxf8 29. b4 Kg8 30. b5 Kf7 31. Rc1 Be5 32. f4 Bd6
33. Kf2 Bc5+ 34. Kf3 Ne6 35. Ke4 Nc7 36. a4 Ke6 37. f5+ Kd6 38. g4 h6 39. h4
a6 40. bxa6 Nxa6 41. g5 hxg5 42. hxg5 Nb4 43. f6 gxf6 44. gxf6 Ke6 45. a5 Kxf6
46. Rc4 Na6 47. axb6 Ke6 48. Ra4 Nb8 49. Ra8 Nd7 50. b7 Kd6 51. b8=Q+ Nxb8 52.
Rxb8 Kc7 53. Rg8 Kb7 54. Kd5 Ba7 55. Kd6 Bb8+ 56. Kc5 Ba7+ 57. Kb5 Bb8 58.
Rg7+ Ka8 59. Kb6 Bf4 60. Ra7+ Kb8 61. Re7 Ka8 62. Re4 Bg3 63. Re2 Bf4 64. Re7
Bb8 65. Rg7 Bf4 66. Ra7+ Kb8 67. Ra3 Bc7+ 68. Kc6 Bh2 69. Rh3 Bf4 70. Rc3 Bh2
71. Rc2 Bf4 72. Rc4 Bg3 73. Rb4+ Ka8 74. Rb3 Bh2 75. Rb4 Bb8 76. Kb6 Ba7+ 77.
Kc7 Be3 78. Rb8+ Ka7 79. Rf8 Bb6+ 80. Kc6 Bg1 81. Rf1 Be3 82. Ra1+ Kb8 83.
Rb1+ Ka8 84. Re1 Ba7 85. Re8+ Bb8 86. Rxb8+ Kxb8 {#d} 1/2-1/2